| 000 | 01060nam0a22002771 4500 | ||
|---|---|---|---|
| 001 | v19\rc\1744142 | ||
| 005 | 20250619060524.0 | ||
| 035 | _a(NLR Aleph) 004850363 | ||
| 090 |
_a4914771 _c4914771 |
||
| 100 | _a20061204d1902 |||y0rusy50 ca | ||
| 101 | 0 | _arus | |
| 102 | _aRU | ||
| 105 | _aa z ||||| | ||
| 200 | 1 |
_aПроекты дач, загородных деревянных домов и хозяйственных построек, в планах и фасадах, с детальными рисунками _eРуководство для домовладельцев и подрядчиков при пр-ве построек _fСост. архит. А.Н. Козлов |
|
| 210 |
_aМосква _cА.Д. Ступин _d1902 |
||
| 215 |
_a103, [7] с. _cил. _d26 |
||
| 700 | 1 |
_aКозлов _bА.Н. _4220 |
|
| 801 | 0 |
_aRU _bNLR _gpsbo |
|
| 801 | 0 |
_aRU _bRuMoRGB _2psbo |
|
| 801 | 1 |
_aRU _bProSoft-M _2rusmarc |
|
| 852 |
_aNLR _j34.7.2.13 |
||
| 899 | _aБАН | ||
| 899 |
_aRuMoRGB _jM 82/376 |
||
| 899 |
_aRuMoRGB _jM 9/57 |
||
| 942 | _cBOOK | ||
| 980 | _aNB | ||